| 000 | 00864nas a2200277 4500 | ||
|---|---|---|---|
| 001 | BR9900323 | ||
| 003 | BR-BrBNA | ||
| 005 | 20231205101202.0 | ||
| 007 | ta | ||
| 008 | 230509b bl.|||p| |||| 00| 00por d | ||
| 040 |
_aBR-BrBNA _bpor _cBiblioteca Nacional de Agricultura |
||
| 041 | _a(Pt) | ||
| 072 | _aF40 | ||
| 100 | 1 | _aCoser, A.C. | |
| 100 | 1 | _aMartins, C.E. | |
| 100 | 1 | _aAlvim, M.J. | |
| 100 | 1 | _aTeixeira, F.V. | |
| 245 | 1 | _aAltura da planta e cobertura do solo como estimadores da producao de forragem em pastagem de capim-Elefante | |
| 650 | _aCapim Elefante | ||
| 650 | _aEstatura de Planta | ||
| 650 | _aCobertura Vegetal | ||
| 650 | _aPastagem | ||
| 773 | 0 |
_tRevista Brasileira de Zootecnia (Brazil) _xISSN 0100-4859 _g(Jul-Aug 1998), v. 27(4) p. 676-680 _wBR9900323 |
|
| 909 |
_a202311 _bLúcia _c55 _dLúcia Elande |
||
| 942 |
_2AGRIS _n0 _cANA |
||
| 999 |
_c160296 _d160296 |
||